000 00613nam a22002177a 4500
003 UA-OsUOA
001 53977
007 ta
008 20080513b un ||||| |||| 00| 0 ukr d
100 _aКудряшова И.В.
090 _a32
_bК-12
942 _cSA
040 _aUA-OsUOA
_brus
_cUA-OsUOA
_dUA-OsUOA
245 _aНациестроительство на Ближнем Востоке: От мусульманской уммы к нации-государству?
300 _aС.132-167
955 _a0
041 _arus
080 _a32
773 0 _w53976
650 7 _a32 Політика
_2UDC
999 _c340065
_d340065